[Event "80th ch-St Petersburg SF w"]
[Site "St Petersburg RUS"]
[Date "2012.01.31"]
[Round "4.1"]
[White "Kolesnikova,K"]
[Black "Katyshkina,A"]
[Result "1-0"]
[WhiteElo "1926"]
[BlackElo "1983"]
[WhiteFideId "4100174"]
[BlackFideId "4169891"]
[EventDate "2012.01.28"]

1. e4 d5 2. exd5 Nf6 3. d4 Nxd5 4. c4 Nb6 5. Nf3 g6 6. Nc3 Bg7 7. c5 Nd5 8. Bc4
Nxc3 9. bxc3 O-O 10. O-O Nc6 11. Bg5 Bg4 12. h3 Bxf3 13. Qxf3 Qd7 14. Bb5 Rad8
15. Rad1 h6 16. d5 Ne5 17. Qe2 c6 18. dxc6 Qc7 19. Bf4 bxc6 20. Bc4 g5 21. Rxd8
Rxd8 22. Bg3 e6 23. Re1 f6 24. Bxe6+ Kh8 25. Bxe5 fxe5 26. Qe4 Qa5 27. Bb3 Qxc5
28. Bc2 Kg8 29. Re3 Rd7 30. Rf3 Bf8 31. Qg6+ Kh8 32. Qf6+ 1-0

[Event "80th ch-St Petersburg SF w"]
[Site "St Petersburg RUS"]
[Date "2012.01.31"]
[Round "4.2"]
[White "Kiseleva,A"]
[Black "Zavgorodniaya,A"]
[Result "1-0"]
[WhiteTitle "WCM"]
[WhiteElo "1916"]
[BlackElo "1873"]
[WhiteFideId "4164989"]
[BlackFideId "4169956"]
[EventDate "2012.01.28"]

1. d4 Nf6 2. Nf3 g6 3. c4 Bg7 4. Nc3 d5 5. cxd5 Nxd5 6. Bd2 O-O 7. e4 Nxc3 8.
Bxc3 c5 9. Be2 e6 10. Qd2 cxd4 11. Bxd4 Bxd4 12. Qxd4 Nc6 13. Qc3 Qe7 14. O-O a6
15. a3 e5 16. h3 f6 17. Rfd1 Be6 18. b4 Rac8 19. Qe3 b5 20. Qb6 Nb8 21. Rac1 Bb3
22. Rxc8 Rxc8 23. Rd6 Kg7 24. Kh2 Rf8 25. Nd2 Ba2 26. Bd1 Qf7 27. Rd3 f5 28.
exf5 Qxf5 29. Rf3 Qc8 30. Qd6 Rxf3 31. Bxf3 Qe8 32. Ne4 Nd7 33. Qxa6 Qf7 34.
Qxb5 Bc4 35. Qc6 Bd5 36. Qc2 Qf4+ 37. Kg1 Bxe4 38. Bxe4 Nf6 39. Bb7 e4 40. Qc3
Qf5 41. Bc6 Kh6 42. b5 Nh5 43. Qe3+ Kg7 44. Qxe4 Qf6 45. a4 Nf4 46. b6 Qg5 47.
Kh2 Qh4 48. b7 1-0

[Event "80th ch-St Petersburg SF w"]
[Site "St Petersburg RUS"]
[Date "2012.01.31"]
[Round "4.4"]
[White "Volskaya,Vera"]
[Black "Gudkina,Zhanna"]
[Result "1-0"]
[WhiteElo "1925"]
[BlackElo "1829"]
[WhiteFideId "24170054"]
[BlackFideId "24102318"]
[EventDate "2012.01.28"]

1. d4 d5 2. Nf3 c6 3. Bg5 Bg4 4. e3 Nd7 5. Nbd2 Ngf6 6. h3 Bh5 7. Be2 h6 8. Bf4
e6 9. Ne5 Bxe2 10. Qxe2 Qb6 11. O-O Be7 12. c4 c5 13. cxd5 Nxe5 14. Bxe5 exd5
15. dxc5 Bxc5 16. Bxf6 gxf6 17. e4 O-O-O 18. Rac1 Kb8 19. Nb3 Bb4 20. Rfd1 Rhe8
21. Qh5 dxe4 22. Rxd8+ Rxd8 23. Qxh6 Re8 24. Qe3 Qd6 25. a3 a5 26. axb4 Qxb4 27.
Qc3 Qe7 28. Nxa5 f5 29. Qe3 Qd6 30. Nc4 Qd5 31. Qf4+ Ka7 32. Ra1+ 1-0

[Event "80th ch-St Petersburg SF w"]
[Site "St Petersburg RUS"]
[Date "2012.01.31"]
[Round "4.7"]
[White "Rybakova,Polina"]
[Black "Chernyak,Viktoria"]
[Result "1/2-1/2"]
[WhiteElo "1778"]
[BlackElo "1839"]
[WhiteFideId "24178829"]
[BlackFideId "24165956"]
[EventDate "2012.01.28"]

1. e4 c5 2. Nf3 a6 3. d4 cxd4 4. Nxd4 Nf6 5. Nc3 e5 6. Nf3 Bb4 7. Bd2 O-O 8. Qe2
Nc6 9. O-O-O b5 10. Nd5 Bxd2+ 11. Rxd2 Re8 12. Qe3 d6 13. Nxf6+ Qxf6 14. Qb6 Nd4
15. Nxd4 exd4 16. Qxd4 Qe6 17. Qd5 Qxd5 18. Rxd5 Bb7 19. Rxd6 Bxe4 20. f3 Bg6
21. Bd3 Bxd3 22. Rxd3 Re2 23. Rd2 Rae8 24. Rhd1 g6 25. c3 Kg7 26. Kc2 Rxd2+ 27.
Rxd2 Re6 28. Kb3 Kf6 29. Kc2 h5 30. Kc1 Kf5 31. Rd4 g5 32. Kd2 f6 33. h3 h4 34.
Rg4 Rd6+ 35. Ke2 Re6+ 36. Kd2 Rd6+ 37. Ke2 Re6+ 38. Kd2 Rd6+ 39. Ke2 Re6+ 1/2-1/2

[Event "80th ch-St Petersburg SF w"]
[Site "St Petersburg RUS"]
[Date "2012.01.31"]
[Round "4.10"]
[White "Yusupova,L"]
[Black "Pavlova,Vitalia"]
[Result "1-0"]
[WhiteElo "1618"]
[BlackElo "1613"]
[WhiteFideId "24106879"]
[BlackFideId "24179108"]
[EventDate "2012.01.28"]

1. d4 f5 2. c4 Nf6 3. g3 e6 4. a3 d5 5. Bg2 c6 6. c5 b6 7. b4 a5 8. Bb2 Na6 9.
bxa5 bxc5 10. Bc3 cxd4 11. Qxd4 c5 12. Qd1 Bd6 13. e3 O-O 14. Ne2 Bc7 15. Qd2 c4
16. Bb4 Bd6 17. Bxd6 Qxd6 18. Nbc3 Nc5 19. Nb5 Qd7 20. Rb1 Nb3 21. Qb4 Nxa5 22.
O-O Nb3 23. Rfd1 Rb8 24. a4 Ba6 25. Ned4 Nxd4 26. Rxd4 Rfc8 27. Bf1 Bxb5 28.
axb5 Ne4 29. Bxc4 Rxc4 30. Qxc4 dxc4 31. Rxd7 Nc3 32. Rb2 Rxb5 33. Rxb5 Nxb5 34.
Rd8+ Kf7 35. Rc8 Na3 36. Kf1 Kf6 37. f4 g5 38. Ke2 gxf4 39. exf4 h6 40. Rc6 Ke7
41. Kd2 Kd7 42. Rc5 Kd6 43. Re5 h5 44. Kc3 Nb1+ 45. Kc2 Na3+ 46. Kb2 1-0

[Event "80th ch-St Petersburg SF w"]
[Site "St Petersburg RUS"]
[Date "2012.01.31"]
[Round "4.12"]
[White "Efremova,D"]
[Black "Chuinyshena,Svetlana"]
[Result "1-0"]
[WhiteElo "1931"]
[BlackElo "1628"]
[WhiteFideId "24104906"]
[BlackFideId "24165964"]
[EventDate "2012.01.28"]

1. e4 c6 2. d4 d5 3. exd5 cxd5 4. Bd3 g6 5. c3 Bg7 6. h3 Nc6 7. Bf4 Nf6 8. Nf3
b6 9. Qa4 Bd7 10. Bb5 Na5 11. Ne5 Bxb5 12. Qxb5+ Kf8 13. Nd2 e6 14. O-O Kg8 15.
Rae1 h5 16. Ndf3 Nb7 17. Nxf7 Kxf7 18. Ng5+ Kg8 19. Nxe6 Qe8 20. Qa6 Qd7 21. Nc7
Rc8 22. Qxb7 Kh7 23. Qxa7 Ne8 24. Nb5 Qxb5 25. Re7 Rg8 26. Rfe1 Qxb2 27. Qd7 Nf6
28. Rxg7+ Rxg7 29. Qxc8 Ne4 30. Rf1 Qxc3 31. Qe6 Qb4 32. Be5 Qe7 33. Qxd5 Nf6
34. Qc6 Rf7 35. Rc1 Kh6 36. Bf4+ Kg7 37. a4 Qb7 38. Be5 Qe7 39. Qxb6 Kh7 40. Rc7
Qxc7 41. Bxc7 Nd5 42. Qe6 Rxc7 43. Qxd5 Rc1+ 44. Kh2 Rc2 45. Kg3 1-0

[Event "80th ch-St Petersburg SF w"]
[Site "St Petersburg RUS"]
[Date "2012.01.31"]
[Round "4.13"]
[White "Elizarova,T"]
[Black "Chuprova,Irina"]
[Result "0-1"]
[WhiteElo "1678"]
[BlackElo "1877"]
[WhiteFideId "24128350"]
[BlackFideId "24138584"]
[EventDate "2012.01.28"]

1. d4 d5 2. c4 e6 3. Nf3 Nf6 4. g3 c6 5. Bg2 dxc4 6. Qc2 b5 7. O-O Bb7 8. Rd1
Na6 9. a3 Qc7 10. Bf4 Bd6 11. Bxd6 Qxd6 12. Ne5 Nd5 13. Nc3 Nac7 14. Ne4 Qe7 15.
Nc5 f6 16. Ng6 hxg6 17. Qxg6+ Kf8 18. Nxb7 Na6 19. Nc5 Nxc5 20. dxc5 f5 21. h4
Rh6 22. Qg5 Qxc5 23. e4 fxe4 24. Bxe4 Rf6 25. Rf1 Qd4 26. Qh5 Ke7 27. Qe2 Rh8
28. Rad1 Qc5 29. Bg2 Rhf8 30. Bh3 a5 31. Rde1 Nc7 32. Qe5 Qxe5 33. Rxe5 Kd6 34.
Re2 Nd5 35. Rfe1 Re8 36. f4 b4 37. axb4 axb4 38. Rc2 c3 39. bxc3 Nxc3 40. Rb2 c5
41. Bf1 Rf5 42. Bc4 e5 43. Rd2+ Kc6 44. Ra1 Rb8 45. Ra6+ Rb6 46. Ra7 e4 47. Rdd7
Nb5 48. Be6 Nxa7 49. Bxf5 Nc8 50. Rxg7 Nd6 51. Rg6 Kd5 52. Kf2 b3 53. Be6+ Kc6
54. Bxb3 Rxb3 55. h5 e3+ 56. Ke2 Kd5 57. h6 Nf5 58. h7 Nd4+ 59. Kf1 e2+ 60. Kf2
Rf3+ 61. Kg2 e1=Q 62. Rg5+ Kc4 63. h8=Q Qf1+ 64. Kh2 Rf2# 0-1

[Event "80th ch-St Petersburg SF w"]
[Site "St Petersburg RUS"]
[Date "2012.01.31"]
[Round "4.15"]
[White "Shakirova,Renata"]
[Black "Petrochenko,Maria"]
[Result "1-0"]
[WhiteElo "1651"]
[BlackElo "1585"]
[WhiteFideId "24172049"]
[BlackFideId "24161420"]
[EventDate "2012.01.28"]

1. e4 c5 2. Nf3 Nc6 3. d4 cxd4 4. Nxd4 g6 5. Nc3 Bg7 6. Be3 Nf6 7. Nb3 O-O 8.
Be2 d6 9. f4 Be6 10. g4 Qc8 11. f5 Bd7 12. g5 Ne8 13. fxg6 fxg6 14. Qd2 Nc7 15.
O-O-O Ne5 16. h4 Be6 17. h5 Bf7 18. Qe1 Rd8 19. hxg6 Bxg6 20. Bh5 Ne6 21. Bxg6
Nxg6 22. Nd5 Nc7 23. Nc3 Ne6 24. Nd4 Nxd4 25. Bxd4 Bxd4 26. Rxd4 Rf8 27. Qe2 Qe8
28. Nd5 Rc8 29. Qh5 Qf7 30. Rd2 Qg7 31. Qg4 Rfe8 32. Qe6+ Kh8 33. Rf2 Nf8 34.
Qf7 Qxg5+ 35. Kb1 Qg7 36. Qh5 Ng6 37. Rfh2 Nf8 38. Ne3 e6 39. Rg2 Qe7 40. Qg4
Nd7 41. Rgh2 Nf6 42. Qg5 Qg7 43. Qh4 Rc7 44. Rf2 Nd7 45. Rg2 Qe7 46. Qg3 Nf6 47.
e5 Ne4 48. Qg6 Rcc8 49. Qxe4 d5 50. Qf4 Rf8 51. Qh6 Rg8 52. Rgh2 1-0

[Event "80th ch-St Petersburg SF w"]
[Site "St Petersburg RUS"]
[Date "2012.02.01"]
[Round "5.1"]
[White "Kiseleva,A"]
[Black "Kolesnikova,K"]
[Result "1-0"]
[WhiteTitle "WCM"]
[WhiteElo "1916"]
[BlackElo "1926"]
[WhiteFideId "4164989"]
[BlackFideId "4100174"]
[EventDate "2012.01.28"]

1. d4 d5 2. Nf3 Nf6 3. c4 dxc4 4. e3 e6 5. Bxc4 Nbd7 6. O-O Be7 7. Nc3 O-O 8.
Qe2 a6 9. a4 c5 10. Rd1 Qc7 11. d5 exd5 12. Nxd5 Nxd5 13. Bxd5 Nf6 14. Bc4 Bg4
15. e4 Nd7 16. h3 Bxf3 17. Qxf3 Ne5 18. Qg3 Bf6 19. Bd5 Qb6 20. f4 Ng6 21. e5
Bh4 22. Qf3 Rfd8 23. Be3 Rab8 24. b3 Be7 25. Rac1 Nh4 26. Qg4 Qg6 27. Bxc5 Bxc5+
28. Rxc5 Qb6 29. b4 Qxb4 30. Bxf7+ Kf8 31. Rcd5 Qb6+ 32. Kh2 Kxf7 33. Rd7+ Rxd7
34. Rxd7+ Ke8 35. Rxg7 Nf3+ 36. Qxf3 1-0

[Event "80th ch-St Petersburg SF w"]
[Site "St Petersburg RUS"]
[Date "2012.02.01"]
[Round "5.4"]
[White "Zavgorodniaya,A"]
[Black "Tskhadadze,A"]
[Result "0-1"]
[WhiteElo "1873"]
[BlackElo "1842"]
[WhiteFideId "4169956"]
[BlackFideId "4165098"]
[EventDate "2012.01.28"]

1. e4 e5 2. Nf3 Nc6 3. Bb5 a6 4. Ba4 Nf6 5. O-O Nxe4 6. d4 b5 7. Bb3 d5 8. dxe5
Be6 9. c3 Bc5 10. Qd3 O-O 11. Nbd2 Nxd2 12. Bxd2 Ne7 13. Ng5 Bf5 14. Qg3 c6 15.
Kh1 h6 16. Nh3 Ng6 17. f4 Re8 18. Nf2 Qd7 19. Nd3 Be7 20. Bc2 Bh4 21. Qf3 Be4
22. Qe2 Qf5 23. Rac1 f6 24. exf6 Bxf6 25. Be1 Bh4 26. Qd2 Re7 27. Bxh4 Nxh4 28.
Rg1 Rf8 29. Rcf1 Rfe8 30. Rf2 Qh3 31. Nb4 Bxg2+ 32. Rfxg2 Nxg2 33. Qxg2 Qxg2+
34. Rxg2 Re1+ 35. Rg1 R8e2 36. Rxe1 Rxe1+ 37. Kg2 Re2+ 38. Kg3 c5 39. Bb3 cxb4
40. Bxd5+ Kf8 41. Bb7 bxc3 42. bxc3 Rxa2 43. h4 Ra3 44. Kg4 Rxc3 45. Bxa6 b4 0-1

[Event "80th ch-St Petersburg SF w"]
[Site "St Petersburg RUS"]
[Date "2012.02.01"]
[Round "5.5"]
[White "Chernyak,Viktoria"]
[Black "Yusupova,L"]
[Result "1-0"]
[WhiteElo "1839"]
[BlackElo "1618"]
[WhiteFideId "24165956"]
[BlackFideId "24106879"]
[EventDate "2012.01.28"]

1. e4 c5 2. Nf3 d6 3. d4 cxd4 4. Nxd4 Nf6 5. Nc3 a6 6. a4 Nc6 7. Be2 g6 8. O-O
Bd7 9. Be3 Bg7 10. Kh1 O-O 11. Nb3 Rc8 12. a5 Be6 13. Bb6 Qe8 14. Nd4 Bd7 15. f3
Nxd4 16. Bxd4 Bc6 17. Qd2 Qd7 18. Rfd1 Rfe8 19. Rac1 e6 20. Qe3 e5 21. Bc5 Bf8
22. Bb4 Qc7 23. Bc4 Bd7 24. Nd5 Nxd5 25. Bxd5 Be6 26. c4 Bxd5 27. Rxd5 Re6 28.
b3 Rb8 29. Qa7 Qc8 30. Rcd1 Qc7 31. h3 Kg7 32. Bd2 Ree8 33. Be3 Ra8 34. Qb6 Qxb6
35. Bxb6 Rac8 36. Kg1 Re6 37. Kf2 f5 38. Ke3 Kf7 39. Kd3 Ke8 40. Kc3 Kd7 41. b4
Be7 42. Kb3 fxe4 43. fxe4 Rf6 44. Be3 Rcf8 45. Rxe5 Rf1 46. Red5 Rxd1 47. Rxd1
Rf6 48. e5 Re6 49. Bf4 Kc6 50. exd6 Bxd6 51. b5+ axb5 52. cxb5+ Kc5 53. Bxd6+
Rxd6 54. Rxd6 Kxd6 55. Kc4 g5 56. g4 h6 57. Kd4 1-0

[Event "80th ch-St Petersburg SF w"]
[Site "St Petersburg RUS"]
[Date "2012.02.01"]
[Round "5.6"]
[White "Skafar,Darya"]
[Black "Klevets,Ksenia"]
[Result "1/2-1/2"]
[WhiteElo "1738"]
[BlackElo "1837"]
[WhiteFideId "24167169"]
[BlackFideId "24157937"]
[EventDate "2012.01.28"]

1. e4 c6 2. d4 g6 3. Nc3 Bg7 4. Nf3 d6 5. Be2 Nd7 6. O-O Qc7 7. Be3 Ngf6 8. Qd3
O-O 9. Rfd1 b5 10. a3 Bb7 11. Bf1 a6 12. g3 c5 13. d5 Ng4 14. Rab1 Nde5 15. Nxe5
Nxe5 16. Qe2 Bc8 17. h3 Nc4 18. Qe1 Ne5 19. Qe2 Nc4 20. Qe1 Ne5 21. Qe2 Bd7 22.
Kh2 b4 23. f4 bxc3 24. fxe5 Bxe5 25. bxc3 Bxc3 26. Rb3 Qa5 27. Qf2 Rab8 28. Rdb1
Rxb3 29. Rxb3 Bb5 30. Bg5 f6 31. Bh6 Re8 32. Qf3 Bd2 33. Bxb5 axb5 34. Bxd2
Qxd2+ 35. Qg2 Qxg2+ 36. Kxg2 Ra8 37. Rxb5 Rxa3 38. Rb3 Rxb3 39. cxb3 Kf7 40. Kf3
e5 41. g4 Ke7 42. h4 Kd7 43. h5 g5 44. Ke3 Kc7 45. Kd3 Kb6 46. Kc4 Ka5 47. h6
Ka6 48. b4 cxb4 49. Kxb4 Kb6 50. Kc4 Ka5 51. Kc3 Ka6 52. Kc4 Ka5 53. Kc3 Kb5 54.
Kb3 Kc5 55. Kc3 1/2-1/2

[Event "80th ch-St Petersburg SF w"]
[Site "St Petersburg RUS"]
[Date "2012.02.01"]
[Round "5.9"]
[White "Gudkina,Zhanna"]
[Black "Efremova,D"]
[Result "1/2-1/2"]
[WhiteElo "1829"]
[BlackElo "1931"]
[WhiteFideId "24102318"]
[BlackFideId "24104906"]
[EventDate "2012.01.28"]

1. e4 c5 2. Nf3 d6 3. d4 cxd4 4. Nxd4 Nf6 5. Nc3 Nc6 6. Bc4 e5 7. Nf3 Be7 8. Bg5
Be6 9. Bb3 O-O 10. O-O Na5 11. Bxf6 Bxf6 12. Nd5 Nxb3 13. axb3 Bxd5 14. Qxd5 Qc7
15. c3 a6 16. Rfd1 Rfd8 17. Nd2 b5 18. Nf1 Bg5 19. Rd3 Qb6 20. Rf3 Ra7 21. Rd1
a5 22. Rf5 h6 23. Ng3 g6 24. Rf3 a4 25. h3 Rdd7 26. Nf1 axb3 27. Nh2 Qc5 28.
Qxb3 Qc4 29. Qxc4 bxc4 30. Ng4 Kg7 31. Ne3 Bxe3 32. Rxe3 Ra2 33. Re2 f5 34. exf5
gxf5 35. Rxe5 dxe5 36. Rxd7+ Kf6 37. Rc7 Rxb2 38. Rxc4 Rc2 39. Rc8 Kg5 40. g3 e4
41. c4 h5 42. c5 Kf6 43. c6 Ke7 44. c7 Rc5 45. Kf1 Kd7 46. Rh8 Kxc7 47. Rxh5 Kd6
48. Rg5 Ke6 49. h4 Kf6 50. g4 Rc1+ 51. Ke2 fxg4 52. Rxg4 Kf5 53. Rg8 Rh1 54. Rh8
Rh3 55. h5 Kg5 56. h6 Kg6 57. Re8 Kf5 58. Rf8+ Ke5 59. Rh8 Kf6 60. h7 Kg7 61.
Re8 Kxh7 62. Rxe4 Kg6 63. f3 Kf5 64. Ke3 Rh1 65. Rc4 Re1+ 66. Kf2 Re8 67. Kg3
Rg8+ 68. Kf2 Re8 69. Rg4 Ra8 70. Kg3 Ra3 71. Rf4+ Kg5 72. Rc4 Rb3 73. Rc5+ Kf6
74. Kg4 Rb1 75. Rc6+ Kf7 76. f4 Rg1+ 77. Kf5 Rf1 78. Rf6+ Ke7 79. Re6+ Kf7 80.
Rd6 Rf2 81. Rd7+ Ke8 82. Ra7 Kf8 83. Ke5 Rb2 84. f5 Rb6 85. f6 Rb1 86. Rc7 Re1+
87. Kf5 Rf1+ 88. Ke5 Re1+ 89. Kd6 Rd1+ 90. Ke6 Re1+ 91. Kd7 Kf7 92. Rc6 1/2-1/2

[Event "80th ch-St Petersburg SF w"]
[Site "St Petersburg RUS"]
[Date "2012.02.01"]
[Round "5.10"]
[White "Toporkova,S"]
[Black "Vronskaya,Anna"]
[Result "1-0"]
[WhiteElo "1643"]
[BlackElo "1873"]
[WhiteFideId "4169930"]
[BlackFideId "24178870"]
[EventDate "2012.01.28"]

1. d4 d5 2. c4 e6 3. Nc3 c5 4. cxd5 cxd4 5. Qa4+ Qd7 6. Qxd7+ Bxd7 7. dxe6 fxe6
8. Ne4 Nf6 9. Nxf6+ gxf6 10. e3 Nc6 11. Nf3 Bc5 12. Bb5 Nb4 13. Bxd7+ Kxd7 14.
exd4 Nc2+ 15. Kd1 Nxd4 16. Nxd4 Bxd4 17. Be3 Bxe3 18. fxe3 Rhg8 19. g3 Rac8 20.
Rc1 Rg4 21. Rxc8 Kxc8 22. Ke2 Rc4 23. Kd3 b5 24. b3 Rg4 25. Rf1 f5 26. Rf4 Rxf4
27. gxf4 Kd7 28. Kd4 Kd6 29. b4 Kc6 30. Ke5 Kd7 31. Kf6 Kd6 32. h4 Kd5 33. h5
Kc4 34. Kg7 Kxb4 35. Kxh7 Ka3 36. h6 Kxa2 37. Kg6 b4 38. h7 b3 39. h8=Q b2 40.
Qh2 Ka1 41. Qh8 Ka2 42. Qa8 b1=Q 43. Qxa7+ Kb2 44. Qb6+ Kc1 45. Qxb1+ Kxb1 46.
Kf6 Kc2 47. Kxe6 Kd3 48. Kxf5 Kxe3 49. Ke5 1-0

[Event "80th ch-St Petersburg SF w"]
[Site "St Petersburg RUS"]
[Date "2012.02.01"]
[Round "5.12"]
[White "Pavlova,Vitalia"]
[Black "Shakirova,Renata"]
[Result "1-0"]
[WhiteElo "1613"]
[BlackElo "1651"]
[WhiteFideId "24179108"]
[BlackFideId "24172049"]
[EventDate "2012.01.28"]

1. e4 c5 2. c3 d5 3. exd5 Qxd5 4. Nf3 Bg4 5. Be2 Nf6 6. O-O Nc6 7. Na3 a6 8. Nc2
Qd7 9. d4 cxd4 10. Nfxd4 Bxe2 11. Qxe2 e6 12. Bg5 Be7 13. Rad1 Qc7 14. Rd3 O-O
15. Rg3 Ne5 16. f4 Ng6 17. f5 exf5 18. Nxf5 Bc5+ 19. Kh1 Rfe8 20. Qf3 Ne4 21.
Rg4 Nxg5 22. Rxg5 Re6 23. h4 h6 24. Rg4 Kh8 25. h5 Ne7 26. Nxg7 Rc6 27. Qxf7 Qe5
28. Ne8 Rg6 29. Nf6 Qxh5+ 30. Nxh5 Rxg4 31. Qf6+ Kh7 32. Rf4 Rg5 33. Qf7+ Kh8
34. Nf6 Rg7 35. Qh5 Rg6 36. Qxc5 1-0

[Event "80th ch-St Petersburg SF w"]
[Site "St Petersburg RUS"]
[Date "2012.02.01"]
[Round "5.16"]
[White "Petrochenko,Maria"]
[Black "Letova,Tatiana"]
[Result "1/2-1/2"]
[WhiteElo "1585"]
[BlackElo "1612"]
[WhiteFideId "24161420"]
[BlackFideId "24139947"]
[EventDate "2012.01.28"]

1. d4 d5 2. c4 e6 3. Nc3 Nf6 4. Nf3 b6 5. cxd5 Nxd5 6. g3 Bb7 7. Bg2 Be7 8. O-O
O-O 9. Qc2 Nd7 10. Nxd5 Bxd5 11. Bf4 Rc8 12. Rfd1 c5 13. Qd2 c4 14. Rac1 Nf6 15.
Ne5 Bxg2 16. Kxg2 b5 17. a3 a5 18. Kg1 Nd5 19. Be3 c3 20. bxc3 Bxa3 21. Rc2 f6
22. Nd3 Rc6 23. Ra1 b4 24. cxb4 Rxc2 25. Qxc2 Nxb4 26. Nxb4 Bxb4 27. Qb3 Qd6 28.
Qb2 Rd8 29. Rb1 Qa6 30. Bc1 Rc8 31. e3 Rc4 32. Bd2 Bxd2 33. Qxd2 a4 34. Qa2 a3
35. Ra1 Rc3 36. Rb1 Qc6 37. Qa1 Kf7 38. Rd1 Qf3 39. Rf1 Rd3 40. Qa2 h5 41. Qc2
Qe4 42. Ra1 f5 43. Qc1 Qa8 44. Qc2 Qa6 45. Qe2 Qc4 46. Qxh5+ Kf6 47. Qe2 Qb3 48.
Qf1 a2 49. Kg2 Rd2 50. Qc1 Rb2 51. Qc8 Qd5+ 52. Kh3 Qe4 53. Qf8+ Kg6 54. Qe8+
Kg5 55. Qd8+ Kh6 56. Qh8+ Kg6 57. Qe8+ Kh6 58. Qh8+ Kg6 59. Qe8+ Kh6 60. Qh8+
Kg6 61. Qe8+ Kh6 62. Qh8+ Kg6 63. Qe8+ 1/2-1/2

[Event "80th ch-St Petersburg SF w"]
[Site "St Petersburg RUS"]
[Date "2012.02.02"]
[Round "6.1"]
[White "Volskaya,Vera"]
[Black "Kiseleva,A"]
[Result "0-1"]
[BlackTitle "WCM"]
[WhiteElo "1925"]
[BlackElo "1916"]
[WhiteFideId "24170054"]
[BlackFideId "4164989"]
[EventDate "2012.01.28"]

1. d4 Nf6 2. c4 e6 3. Nc3 d5 4. Nf3 Nbd7 5. a3 Be7 6. e3 O-O 7. b3 c5 8. Bd3
cxd4 9. exd4 dxc4 10. bxc4 Bd6 11. O-O e5 12. Nb5 Bb8 13. Re1 Re8 14. Qc2 a6 15.
Nc3 exd4 16. Rxe8+ Qxe8 17. Nxd4 Qe1+ 18. Bf1 Bxh2+ 19. Kxh2 Qxf1 20. Nd5 Ng4+
21. Kg3 Nde5 22. Nb6 Qh1 23. Nf3 Nxf3 24. Kxf3 Nh2+ 25. Ke3 Nf1+ 26. Kd4 Qh4+
27. Qe4 Qxf2+ 28. Kc3 Bf5 29. Qxb7 Qc2+ 30. Kb4 a5+ 31. Kc5 Be4 32. Nd5 Bxd5 33.
Qxd5 Qf2+ 34. Kc6 Qf6+ 35. Kc7 Ra7+ 36. Kc8 Qa6+ 37. Kb8 Qb6+ 38. Kc8 Qc7# 0-1

[Event "80th ch-St Petersburg SF w"]
[Site "St Petersburg RUS"]
[Date "2012.02.02"]
[Round "6.2"]
[White "Tskhadadze,A"]
[Black "Kolesnikova,K"]
[Result "0-1"]
[WhiteElo "1842"]
[BlackElo "1926"]
[WhiteFideId "4165098"]
[BlackFideId "4100174"]
[EventDate "2012.01.28"]

1. Nf3 Nf6 2. g3 g6 3. Bg2 Bg7 4. O-O O-O 5. d3 c5 6. e4 Nc6 7. a4 e5 8. Nbd2 d6
9. Nc4 h6 10. h3 Be6 11. Qe2 Qc7 12. c3 a6 13. Bd2 Rad8 14. Ne1 d5 15. Na3 Na5
16. f4 dxe4 17. dxe4 Rxd2 18. Qxd2 Nb3 19. Qd1 Rd8 20. Qb1 Nd2 21. Qc1 Nh5 22.
f5 gxf5 23. exf5 Nxg3 24. Rf2 Nb3 25. Qb1 Bxf5 26. Nac2 Nxa1 27. Qxa1 Qd7 28.
Ne3 Be4 29. Nf3 Qd3 30. Qe1 Qb1 31. Qxb1 Bxb1 32. Nd2 Bd3 33. Bxb7 f5 34. Nec4
e4 35. Kh2 e3 36. Nxe3 Be5 37. Kg2 Ne2 38. Kh1 Kh7 39. Nf3 Bg3 40. Rg2 Rb8 41.
Bd5 Rxb2 42. Ng1 f4 43. Ng4 Rb1 44. Rxe2 Rxg1+ 45. Kxg1 Bxe2 46. Nf6+ Kg7 47.
Ne4 Be1 48. Nxc5 f3 49. Ne4 Kg6 50. c4 Kf5 51. c5 Ke5 52. Bb7 Kd4 53. c6 Ba5 54.
Nf6 Bb6 55. a5 Bxa5 56. Kf2 Bb6 57. Nd7 Bc7 58. Bxa6 Bxa6 59. Kxf3 Bc4 60. Nf6
Be6 61. Ne8 Be5 62. c7 Bxh3 63. Kf2 Be6 0-1

[Event "80th ch-St Petersburg SF w"]
[Site "St Petersburg RUS"]
[Date "2012.02.02"]
[Round "6.3"]
[White "Rybakova,Polina"]
[Black "Katyshkina,A"]
[Result "1/2-1/2"]
[WhiteElo "1778"]
[BlackElo "1983"]
[WhiteFideId "24178829"]
[BlackFideId "4169891"]
[EventDate "2012.01.28"]

1. e4 g6 2. d4 Bg7 3. Nf3 d6 4. Be2 Nf6 5. Nc3 Bg4 6. O-O O-O 7. h3 Bxf3 8. Bxf3
Nbd7 9. Be3 Rc8 10. Qd2 c5 11. d5 Ne8 12. Bh6 Nc7 13. Bxg7 Kxg7 14. Rae1 b5 15.
a3 a5 16. Nd1 Ne8 17. Ne3 Nef6 18. Ng4 Nxg4 19. Bxg4 Ra8 20. f4 Nb6 21. Be2 b4
22. axb4 axb4 23. b3 Qc7 24. Rf3 Ra2 25. f5 Nd7 26. Rg3 Ne5 27. Rf1 Rfa8 28. Rf4
c4 29. Rh4 Rh8 30. fxg6 fxg6 31. Qh6+ Kg8 32. Rf4 Qd8 33. Bh5 Qe8 34. Bg4 Nxg4
35. Rfxg4 Rxc2 36. Rxg6+ hxg6 37. Rxg6+ Qxg6 38. Qxg6+ Kf8 39. Qf5+ Kg8 40. Qg5+
Kf8 41. Qf5+ Kg8 42. Qg5+ Kf7 43. Qf5+ Kg7 1/2-1/2

[Event "80th ch-St Petersburg SF w"]
[Site "St Petersburg RUS"]
[Date "2012.02.02"]
[Round "6.4"]
[White "Dobronravina,Anna"]
[Black "Chernyak,Viktoria"]
[Result "0-1"]
[WhiteElo "1687"]
[BlackElo "1839"]
[WhiteFideId "24138592"]
[BlackFideId "24165956"]
[EventDate "2012.01.28"]

1. e4 c5 2. Nf3 a6 3. d4 cxd4 4. Nxd4 Nf6 5. Nc3 e5 6. Nb3 Bb4 7. Qd3 d5 8. exd5
Nxd5 9. Bd2 Nxc3 10. Qxd8+ Kxd8 11. Bxc3 Bxc3+ 12. bxc3 Kc7 13. Bc4 f6 14. Rd1
Nd7 15. Ke2 b6 16. a4 Bb7 17. f3 Nc5 18. Nxc5 bxc5 19. Bd5 Rhd8 20. Bxb7 Kxb7
21. a5 Kc7 22. c4 Rab8 23. Rxd8 Rxd8 24. c3 Rb8 25. Ra1 Rb2+ 26. Kf1 Rb3 27. Kf2
Rxc3 28. Ra4 f5 29. h3 h6 30. g4 g6 31. Ke2 Kd6 32. gxf5 gxf5 33. h4 Kc6 34. Kf2
h5 35. Ke2 Rb3 36. Ra2 Rb4 37. Kd3 Rb3+ 38. Ke2 Rc3 39. Ra4 Rc2+ 40. Ke3 Rh2 0-1

[Event "80th ch-St Petersburg SF w"]
[Site "St Petersburg RUS"]
[Date "2012.02.02"]
[Round "6.5"]
[White "Skafar,Darya"]
[Black "Chuprova,Irina"]
[Result "0-1"]
[WhiteElo "1738"]
[BlackElo "1877"]
[WhiteFideId "24167169"]
[BlackFideId "24138584"]
[EventDate "2012.01.28"]

1. e4 c5 2. Nf3 d6 3. d4 cxd4 4. Nxd4 Nc6 5. Nc3 e5 6. Ndb5 a6 7. Na3 b5 8. Nd5
Nge7 9. c4 Nd4 10. Nc2 Nxd5 11. cxd5 Bg4 12. Qd2 Nxc2+ 13. Qxc2 Rc8 14. Qb3 Be7
15. Bd3 O-O 16. O-O f5 17. f4 Qb6+ 18. Kh1 fxe4 19. Bxe4 Qd4 20. Qd3 Qxd3 21.
Bxd3 Bf5 22. Bxf5 Rxf5 23. g4 Rf7 24. Re1 Rc2 25. b3 exf4 26. Bxf4 Rxf4 27. Rxe7
Rd2 28. Rc1 Rxd5 29. h3 Rd2 30. Kg1 Rdf2 31. Rd7 Rf8 32. Rxd6 Rxa2 33. Rc7 Re8
34. Rc1 Re7 35. Rd8+ Kf7 36. Rf1+ Kg6 37. Rd6+ Kg5 38. Rf5+ Kh4 39. Rh5+ Kg3 40.
Rd3+ Kf4 41. Rf5+ Ke4 42. Rff3 Re5 43. Rde3+ Kd4 44. Rd3+ Kc5 45. Rd7 Re1+ 46.
Rf1 Rxf1+ 47. Kxf1 Rh2 48. Rxg7 Rxh3 49. Ra7 Kb6 50. Rf7 a5 51. Kg2 Rxb3 52.
Rxh7 Rd3 53. g5 a4 54. g6 Rd8 55. Kf3 a3 56. g7 a2 57. Rh1 b4 58. Rh6+ Kb5 59.
Rh1 b3 60. Rh5+ Kb4 61. Rh1 b2 62. Rh8 b1=Q 63. Rxd8 Qf5+ 64. Ke2 Qg4+ 65. Kd3
Qxg7 0-1